| 000 | 01253nam a22002657a 4500 | ||
|---|---|---|---|
| 999 |
_c3363 _d3363 |
||
| 003 | AR-CdUCM | ||
| 008 | 190306b ||||| |||| 00| 0 spa d | ||
| 020 | _a968-16-4918-4 | ||
| 040 |
_aMUNICIPALIDAD PROVINCIAL DEL CUSCO _cBIBLIOTECA MUNICIPAL DEL CUSCO |
||
| 041 | _heng | ||
| 082 |
_a338.9 / _bL65 |
||
| 100 |
_aLindblom, Charles E. _911132 |
||
| 245 |
_aDemocracia y sistema de mercado : _bEstudio introductorio de Carlos Sirvent / |
||
| 260 |
_aMéxico : _bColegio Nacional de Ciencias Políticas y Administración Pública, _bUniversidad Autónoma del Estado de Hidalgo, _bFondo de Cultura Económica, _c1999. |
||
| 300 |
_a504 páginas ; _c21 cm. |
||
| 440 |
_aSerie, Nuevas Lecturas de Política y Gobierno. _911133 |
||
| 500 | _aTraducción de: Democracy and market system. | ||
| 505 | _aContenido: Democracia y sistema de mercado -- Democracia y estructura económica (1962) -- Redescubrimiento del mercado (1966) --La democratización y sus problemas en los Estados Unidos (1980) -- La elaboración de políticas ... | ||
| 650 |
_aPolítica económica _91407 |
||
| 650 |
_aCiencia política _91775 |
||
| 650 |
_aEstados Unidos _91805 |
||
| 700 |
_aCalderón, José Esteban (traducción) _911134 |
||
| 942 |
_2ddc _cLIBROS |
||
| 945 | _aachl | ||